| 000 | 00834nam a2200229Ia 4500 | ||
|---|---|---|---|
| 003 | GCL | ||
| 008 | 140319s9999 xx 000 0 ara d | ||
| 020 | _a8494301977 | ||
| 040 |
_aGCL / _cGCL |
||
| 082 | 0 | 4 |
_aد _b050 |
| 100 | 1 | _aعبدالوهاب محمد المسيرى | |
| 245 | 1 | 0 |
_aالايديولوجية الصهيونية: القسم الثانى (عالم المعرفة 61) / _cعبدالوهاب محمد المسيرى |
| 700 | 1 | _aامل رواش | |
| 250 | _aالاولى | ||
| 260 |
_aالقاهرة : _bالهيئة المصرية العامة للكتاب ، _c1983 |
||
| 300 |
_a250 ص ؛ _c23 سم |
||
| 490 |
_aالالف كتاب الثانى _v237 |
||
| 650 | 0 | 4 | _aالصهيونية |
| 650 | 0 | 4 | _aالصهيونية واليهودية |
| 650 | 0 | 4 | _aاليهود - مستعمرات |
| 942 |
_2ddc _cBK |
||
| 999 |
_c50393 _d50393 |
||